| 000 | 00985nam a2200253Ia 4500 | ||
|---|---|---|---|
| 999 |
_c47154 _d47154 |
||
| 001 | 14012 | ||
| 003 | GE_BSU | ||
| 005 | 20241018114336.0 | ||
| 008 | 181216s2000||||ge |||||||||||||| ||geo|| | ||
| 020 | _a9992879726 | ||
| 040 | _cGE_BSU | ||
| 041 | _ageo | ||
| 080 | _a343(075.8) მ-89 | ||
| 100 |
_aმჟავანაძე, ზაურ _923437 |
||
| 245 |
_aსისხლის სამართალი : კერძო ნაწილი : კომენტარები / _cზაურ მჟავანაძე ; რედ. : ოთარ გამყრელიძე. |
||
| 264 |
_aქუთაისი : _bქსუ გამ-ბა, _c2000. |
||
| 300 |
_a696 გვ. ; _c22 სმ. |
||
| 541 | _h20ლ. | ||
| 653 | _aსისხლის სამართალი | ||
| 653 | _aკერძო ნაწილი | ||
| 653 | _aკომენტარები | ||
| 700 |
_aგამყრელიძე, ოთარ _92834 |
||
| 942 |
_cBK _2udc |
||